000 00422nam a2200157Ia 4500
005 20260219125701.0
022 _a0300-1652
050 _aR101 .N54/
245 0 _aNigerian medical journal (NMJ)
260 _aNigeria
260 _bNigerian Medical Association
260 _c2024
300 _axiv, 107 p. :ill. ; 28 cm.
650 _aMedicine--Abstracts. [from old catalog] Medicine--Periodicals.
942 _cSR
_2lcc
999 _c38568
_d38568